Lancashire Train Stations - Statistics

General Stats
  • This quiz has been taken 81 times
  • The average score is 30 of 62
Answer Stats
Stations % Correct
Preston
96%
Lancaster
92%
Blackburn
88%
Blackpool North
88%
Blackpool South
88%
Chorley
88%
Accrington
81%
Morecambe
81%
Leyland
75%
Lytham
73%
Poulton-le-Fylde
73%
Blackpool Pleasure Beach
71%
Burnley Central
71%
Kirkham & Wesham
71%
Clitheroe
69%
Colne
69%
Ormskirk
65%
Bamber Bridge
63%
Darwen
63%
Burnley Manchester Road
60%
Carnforth
58%
Nelson
58%
Burnley Barracks
54%
Bare Lane
46%
Lostock Hall
46%
Adlington
44%
Heysham Port
44%
Mill Hill
44%
Buckshaw Parkway
42%
Euxton Balshaw Lane
42%
Layton
42%
Pleasington
42%
Burscough Bridge
40%
Silverdale
40%
Burscough Junction
38%
Church & Oswaldtwistle
38%
Rose Grove
38%
Squires Gate
38%
Whalley
38%
Cherry Tree
35%
Langho
35%
Brierfield
33%
Rufford
33%
Croston
31%
Entwistle
31%
Rishton
31%
Hapton
29%
Ramsgreave & Wilpshire
29%
Salwick
29%
Upholland
29%
Aughton Park
27%
Moss Side
27%
Ansdell & Fairhaven
25%
Bescar Lane
25%
Hoscar
25%
Huncoat
25%
New Lane
25%
Parbold
25%
Appley Bridge
23%
St Annes-on-the-Sea
23%
Town Green
23%
Wennington
23%
No matching quizzes found
Score Distribution
Percent of People with Each Score
Percentile by Number Answered
Your Score History
You have not taken this quiz